000 00424nam a2200169Ia 4500
008 151213s9999 xx 000 0 und d
020 _a81-7534123-4
100 _aD. W. Bowett
245 _aThe Law of International Institutions
_cD. W. Bowett
250 _a4th
260 _aNew Delhi
_bUniversal Low Publishing
_c2003
300 _a5096 p.
650 _aLaw
650 _aLaw
700 _aD. W. Bowett
999 _c3145
_d3145